|
|
|
|
| LEADER |
00000cam a2200000 a 4500 |
| 001 |
UCF1740 |
| 003 |
CL-VaPUC |
| 005 |
20250407202432.0 |
| 008 |
120723t20120200SP |||||||||||||||||spa|d |
| 999 |
|
|
|c 348428
|d 348426
|
| 020 |
|
|
|a 978-84-253-4770-2
|
| 040 |
|
|
|c Pontificia Universidad Católica de Valparaíso
|
| 082 |
0 |
4 |
|a 741.5 GRA 2012
|2 21
|
| 100 |
0 |
|
|a Gravett, Paul
|e editor
|9 563233
|
| 245 |
1 |
0 |
|a 1001 cómics que hay que leer antes de morir.
|
| 250 |
|
|
|a Primera edición.
|
| 260 |
|
|
|a Barcelona, España:
|b Grijalbo,
|c 2012.
|
| 300 |
|
|
|a 960 páginas:
|b ilustraciones.
|
| 500 |
|
|
|a c.2-c.4. Instituto Arcos.08-01-2025.
|
| 583 |
|
|
|a last modification
|c 20120723 10:17:00
|k Rodrigo Vera
|
| 650 |
|
0 |
|a Cómics
|9 369534
|x Historia y crítica
|
| 650 |
|
0 |
|a Novelas gráficas
|9 895252
|x Historia
|
| 700 |
|
|
|9 896363
|a Gilliam, Terry
|e prefacio
|
| 942 |
|
|
|c BK
|2 ddc
|n 0
|
| 945 |
|
|
|d 20120723 00:00:00
|a dcastane
|
| 952 |
|
|
|0 0
|1 0
|4 0
|6 741_500000000000000_GRA_2012
|7 0
|8 A
|9 450430
|a BIBING
|b BIBING
|d 2019-11-22
|i 4874730
|l 2
|o 741.5 GRA 2012
|p 4874730
|r 2025-01-20
|s 2023-11-20
|w 2019-11-22
|y BK
|k CUI
|
| 952 |
|
|
|0 0
|1 0
|2 ddc
|4 0
|6 741_500000000000000_GRA_2012
|7 0
|8 A
|9 600673
|a BIBINC
|b BIBINC
|d 2025-03-06
|e Instituto Arcos
|i 5665580
|o 741.5 GRA 2012
|p 5665580
|r 2025-03-06
|t 2
|w 2025-03-06
|y BK
|k IFP
|
| 952 |
|
|
|0 0
|1 0
|2 ddc
|4 0
|6 741_500000000000000_GRA_2012
|7 0
|8 A
|9 600676
|a BIBINC
|b BIBINC
|d 2025-03-06
|e Instituto Arcos
|i 5665581
|o 741.5 GRA 2012
|p 5665581
|r 2025-03-06
|t 3
|w 2025-03-06
|y BK
|k IFP
|
| 952 |
|
|
|0 0
|1 0
|2 ddc
|4 0
|6 741_500000000000000_GRA_2012
|7 0
|8 A
|9 600706
|a BIBINC
|b BIBINC
|d 2025-03-06
|e Instituto Arcos
|i 5665589
|l 2
|o 741.5 GRA 2012
|p 5665589
|q 2025-05-16
|r 2025-04-16
|s 2025-04-16
|t 4
|w 2025-03-06
|y BK
|k IFP
|